000 00727nam a2200241 4500
003 OSt
005 20240702055034.0
006 a
008 240702b |||||||| |||| 00| 0 eng d
020 _a9789715849890
040 _aDWCL-Main lib.
_cOC
082 _2First edition
_aFil. 336.2 M266 2010
100 _aManapat, Carlos L.
245 _aEconomics, taxation and agrarian reform /
250 _aFirst edition
260 _aQuezon City :
_bC & E Pub. ,
_cc2010.
300 _axii,
_b210 p. : ill. ;
_c26 cm.
504 _aIncludes bibliography & index.
650 _a1. Economics.
650 _a2. Taxation-Philippines.
650 _a3. land reform-Philippines.
942 _2ddc
_n0
_cBK - FIL
_eFirst edition
_kFil.
999 _c1791
_d1791